000
00316 a2200109 4500
001
ART_14684
005
20260410161913.0
008
260409a
245
1
0
_a
European monetary arrangements
100
1
_a
Balassa, Bela
773
0
_t
European economic review
_g
- Vol. 9, NÂș 3 (ago. 1977)
_w
REV13346
999
_c
26984
_d
26984